[Event "Druga liga Srbije grupa Vojvodina 2012"]
[Site "Kac"]
[Date "2012.10.15"]
[Round "3.1"]
[White "Popov, Stevan"]
[Black "Kosic, Dragan"]
[Result "0-1"]
[WhiteElo "2204"]
[BlackElo "2509"]
[PlyCount "50"]
[EventDate "2012.10.14"]

1. e4 e6 2. d4 d5 3. Nc3 Nf6 4. Bg5 Be7 5. e5 Nfd7 6. h4 Bxg5 7. hxg5 Qxg5 8.
Nh3 Qe7 9. Qg4 g6 10. f4 Nc6 11. O-O-O Nb6 12. Ng5 h6 13. Bd3 Nb4 14. Bb5+ Bd7
15. a3 Bxb5 16. Nxb5 Nc6 17. Rh3 O-O-O 18. Nf3 Nc4 19. Nd2 a6 20. Nxc4 dxc4 21.
d5 axb5 22. dxc6 Rxd1+ 23. Qxd1 bxc6 24. Qd4 Kb7 25. a4 Rd8 0-1

[Event "Druga liga Srbije grupa Vojvodina 2012"]
[Site "Kac"]
[Date "2012.10.15"]
[Round "3.1"]
[White "Laketic, Gojko"]
[Black "Jovanovic, Milenko"]
[Result "1-0"]
[WhiteElo "2435"]
[BlackElo "2192"]
[PlyCount "43"]
[EventDate "2012.10.14"]

1. d4 d5 2. c4 e6 3. Nc3 Nf6 4. cxd5 exd5 5. Bg5 Be7 6. e3 c6 7. Qc2 O-O 8. Bd3
Nbd7 9. Nge2 Re8 10. O-O Ne4 11. Bxe4 dxe4 12. Bf4 f5 13. Nb5 Nb6 14. Nc7 Rf8
15. Nxa8 Nxa8 16. Qb3+ Kh8 17. d5 cxd5 18. Rfd1 Nb6 19. Rac1 Bd6 20. Bxd6 Qxd6
21. Nf4 Rd8 22. Nxd5 1-0

[Event "Druga liga Srbije grupa Vojvodina 2012"]
[Site "Kac"]
[Date "2012.10.15"]
[Round "3.1"]
[White "Rajic, Dobrivoje"]
[Black "Kosanovic, Goran A"]
[Result "0-1"]
[WhiteElo "2105"]
[BlackElo "2363"]
[PlyCount "55"]
[EventDate "2012.10.14"]

1. d4 c5 2. Nf3 cxd4 3. Nxd4 d5 4. e3 e5 5. Nf3 Nc6 6. Be2 Be6 7. O-O Be7 8.
Nbd2 e4 9. Nd4 Nxd4 10. exd4 f5 11. Bb5+ Kf7 12. Nb3 Nf6 13. Nc5 Bc8 14. c3 a6
15. Be2 b6 16. Nb3 Qc7 17. g3 Bd6 18. f4 Be6 19. Be3 h5 20. h4 Ng4 21. Bxg4
hxg4 22. Kg2 Bd7 23. Rh1 a5 24. Nd2 a4 25. Rc1 Bb5 26. Kf2 Bd3 27. Rg1 Qc6 28.
Nb1 0-1

[Event "Druga liga Srbije grupa Vojvodina 2012"]
[Site "Kac"]
[Date "2012.10.15"]
[Round "3.1"]
[White "Drazic, Sinisa"]
[Black "Kovacevic, Slavko"]
[Result "1-0"]
[WhiteElo "2511"]
[BlackElo "2187"]
[PlyCount "91"]
[EventDate "2012.10.14"]

1. d4 f5 2. Bg5 g6 3. h4 Bg7 4. Nc3 Nf6 5. Bxf6 Bxf6 6. e4 c5 7. d5 Qa5 8. Nge2
fxe4 9. Qd2 d6 10. Ng3 Bxc3 11. bxc3 Bf5 12. Rb1 Nd7 13. Rxb7 O-O-O 14. Rb3
Qxa2 15. Bc4 Qa5 16. O-O Kc7 17. Qc1 Rb8 18. Ra3 Qb6 19. Ra6 Qb7 20. Qg5 Kd8
21. Nxf5 gxf5 22. Rxd6 h6 23. Rxh6 Rxh6 24. Qxh6 Qb6 25. Qg5 Qf6 26. Ra1 Qxg5
27. hxg5 Nb6 28. Be2 Rb7 29. Ba6 Rc7 30. c4 e6 31. dxe6 Ke7 32. f4 Kxe6 33. Bb5
Ke7 34. Kf2 Ke6 35. Ra3 Kf7 36. Ke2 Kg7 37. Ra1 Re7 38. Ke3 Rc7 39. g4 Kg6 40.
Rh1 fxg4 41. Rh6+ Kg7 42. f5 g3 43. f6+ Kg8 44. g6 Rc8 45. Rh7 a5 46. Rb7 1-0

[Event "Druga liga Srbije grupa Vojvodina 2012"]
[Site "Kac"]
[Date "2012.10.15"]
[Round "3.1"]
[White "Zolotic, Zoran"]
[Black "Tesic, Dragan"]
[Result "1/2-1/2"]
[WhiteElo "2237"]
[BlackElo "2346"]
[PlyCount "21"]
[EventDate "2012.10.14"]

1. Nf3 Nf6 2. c4 c5 3. Nc3 b6 4. g3 Bb7 5. Bg2 g6 6. O-O Bg7 7. d4 cxd4 8. Nxd4
Bxg2 9. Kxg2 Qc7 10. b3 Nc6 11. Bb2 1/2-1/2

[Event "Druga liga Srbije grupa Vojvodina 2012"]
[Site "Kac"]
[Date "2012.10.15"]
[Round "3.1"]
[White "Kovacevic, Dragisa"]
[Black "Radanovic, Borislav"]
[Result "1-0"]
[WhiteElo "2236"]
[BlackElo "2244"]
[PlyCount "42"]
[EventDate "2012.10.14"]

1. e4 d6 2. d4 g6 3. Nc3 Bg7 4. Be3 Nf6 5. h3 c6 6. g4 b5 7. Bg2 a6 8. Nge2 Qc7
9. Qd2 Bb7 10. Ng3 h6 11. Nce2 Nbd7 12. f4 e5 13. O-O exd4 14. Nxd4 c5 15. Nb3
Rd8 16. Na5 Ba8 17. a4 O-O 18. axb5 axb5 19. f5 g5 20. Bf2 Rfe8 21. Rfe1 Ne5 {
mobitel} 1-0

[Event "Druga liga Srbije grupa Vojvodina 2012"]
[Site "Kac"]
[Date "2012.10.15"]
[Round "3.2"]
[White "Sertic, Rudolf"]
[Black "Indjic, Dusan"]
[Result "1/2-1/2"]
[WhiteElo "2397"]
[BlackElo "2287"]
[PlyCount "126"]
[EventDate "2012.10.14"]

1. Nf3 g6 2. e4 c5 3. d4 Bg7 4. dxc5 Qa5+ 5. c3 Qxc5 6. Na3 Nf6 7. e5 Ng4 8.
Qd4 Qxd4 9. cxd4 O-O 10. h3 Nh6 11. Bc4 a6 12. Bg5 Re8 13. O-O b5 14. Bd5 Nc6
15. Nc2 Bb7 16. a4 e6 17. Be4 Rab8 18. axb5 axb5 19. Rfe1 Nf5 20. g4 Nfe7 21.
Nd2 h6 22. Be3 Nd5 23. Bxd5 exd5 24. Nb3 Bf8 25. Rec1 Ra8 26. Ne1 Ra4 27. Nd3
Nb4 28. Ndc5 Rxa1 29. Rxa1 Bc6 30. Ra7 Kg7 31. f4 d6 32. Na6 dxe5 33. Nxb4 Bxb4
34. dxe5 Rc8 35. e6 Be8 36. Rb7 Kg8 37. exf7+ Bxf7 38. Rxb5 Bd6 39. Nd4 Re8 40.
Kf2 Re4 41. Kf3 h5 42. gxh5 gxh5 43. Nf5 Bf8 44. Rb8 Re8 45. Rxe8 Bxe8 46. Nd4
Bd7 47. h4 Bg4+ 48. Kg3 Bg7 49. b4 Bxd4 50. Bxd4 Bd7 51. Be5 Kf7 52. Kf3 Ke6
53. Ke3 Kf5 54. Kd4 Bc6 55. Kc5 Ba8 56. b5 Kg4 57. Kd6 Kf5 58. b6 Bb7 59. Kc7
Ba6 60. b7 Bxb7 61. Kxb7 Ke4 62. Bc3 Kxf4 63. Kc6 Kg4 1/2-1/2

[Event "Druga liga Srbije grupa Vojvodina 2012"]
[Site "Kac"]
[Date "2012.10.15"]
[Round "3.2"]
[White "Petakov, Uros"]
[Black "Vujadinovic, Goran"]
[Result "1/2-1/2"]
[WhiteElo "2338"]
[BlackElo "2365"]
[PlyCount "41"]
[EventDate "2012.10.14"]

1. d4 d6 2. g3 g6 3. Bg2 Bg7 4. e4 c5 5. dxc5 Qa5+ 6. c3 Qxc5 7. Be3 Qc7 8. Ne2
Nf6 9. h3 O-O 10. O-O Nbd7 11. a4 Nc5 12. Qc2 e5 13. b4 Ne6 14. Na3 b6 15. a5
Bb7 16. Rfd1 Rfd8 17. Nb5 Qc6 18. a6 Bxa6 19. Rxa6 Qxb5 20. Rda1 Rac8 21. Rxa7
1/2-1/2

[Event "Druga liga Srbije grupa Vojvodina 2012"]
[Site "Kac"]
[Date "2012.10.15"]
[Round "3.2"]
[White "Kolognat, Petar"]
[Black "Stanojevic, Branko"]
[Result "1/2-1/2"]
[WhiteElo "2267"]
[BlackElo "2312"]
[PlyCount "27"]
[EventDate "2012.10.14"]

1. d4 c6 2. e4 d5 3. Nc3 dxe4 4. Nxe4 Bf5 5. Ng3 Bg6 6. Nf3 Nd7 7. h4 h6 8. Bc4
e6 9. Qe2 Bd6 10. Ne4 Be7 11. Bd2 Ngf6 12. Bd3 Nxe4 13. Bxe4 Bxe4 14. Qxe4
1/2-1/2

[Event "Druga liga Srbije grupa Vojvodina 2012"]
[Site "Kac"]
[Date "2012.10.15"]
[Round "3.2"]
[White "Kovacevic, Dragan"]
[Black "Mastrapovic, Vladimir"]
[Result "0-1"]
[WhiteElo "2216"]
[BlackElo "2284"]
[PlyCount "78"]
[EventDate "2012.10.14"]

1. e4 c5 2. Nf3 Nc6 3. Bb5 e6 4. O-O Nge7 5. d4 cxd4 6. Nxd4 Qb6 7. Bxc6 Nxc6
8. Nxc6 Qxc6 9. Nd2 b5 10. Re1 Be7 11. c3 O-O 12. Nb3 d6 13. Qh5 e5 14. f4 f5
15. fxe5 dxe5 16. Bg5 Bd6 17. Rad1 Be6 18. Be3 Rf6 19. Bg5 Rf7 20. Be3 f4 21.
Bf2 a5 22. Nd2 Re7 23. a3 Bf7 24. Qh4 Bg6 25. g3 Rf8 26. g4 Rd7 27. Nf3 Re8 28.
Nd2 Bc7 29. Qh3 Rxd2 30. Rxd2 Bxe4 31. b4 Bf3 32. c4 e4 33. Bc5 bxc4 34. Qh5 e3
35. Bd4 Re6 36. Rc2 Bxg4 37. b5 Bxh5 38. bxc6 Rxc6 39. Rg2 g6 0-1

[Event "Druga liga Srbije grupa Vojvodina 2012"]
[Site "Kac"]
[Date "2012.10.15"]
[Round "3.2"]
[White "Marcak, Dejan"]
[Black "Okilj, Tigran"]
[Result "1-0"]
[WhiteElo "2152"]
[BlackElo "2089"]
[PlyCount "73"]
[EventDate "2012.10.14"]

1. e4 d6 2. d4 Nf6 3. Nc3 g6 4. f3 c6 5. Be3 Nbd7 6. Qd2 b5 7. O-O-O Nb6 8. Bh6
Nc4 9. Bxc4 bxc4 10. Bxf8 Rxf8 11. Kb1 Rb8 12. Ka1 Qb6 13. Rb1 c5 14. Nge2 cxd4
15. Nxd4 e5 16. Nde2 Be6 17. Rhd1 Ke7 18. h3 Nd7 19. f4 f6 20. f5 Bf7 21. Nd5+
Bxd5 22. Qxd5 Nc5 23. Nc3 Qa6 24. Qd2 g5 25. h4 h6 26. hxg5 hxg5 27. Rh1 Rf7
28. Rbd1 Qc6 29. Rh6 Kd7 30. Qe2 Na4 31. Qh5 Rbf8 32. Rh7 Ke8 33. Nd5 Qb7 34.
b3 cxb3 35. cxb3 Nc5 36. Nxf6+ Ke7 37. Qxg5 1-0

[Event "Druga liga Srbije grupa Vojvodina 2012"]
[Site "Kac"]
[Date "2012.10.15"]
[Round "3.2"]
[White "Skoko, Milan"]
[Black "Bogic, Stevan"]
[Result "1/2-1/2"]
[WhiteElo "2204"]
[BlackElo "2199"]
[PlyCount "98"]
[EventDate "2012.10.14"]

1. e4 c5 2. c3 d6 3. d4 Nf6 4. Bd3 cxd4 5. cxd4 Nc6 6. Ne2 e5 7. d5 Nb8 8. f3
Be7 9. Be3 O-O 10. Nbc3 Ne8 11. Qd2 g6 12. O-O-O Nd7 13. Kb1 Nc5 14. Bc2 a5 15.
f4 exf4 16. Nxf4 Nd7 17. Nd3 Bf6 18. Bf4 Qe7 19. Rde1 Ne5 20. Nxe5 Bxe5 21.
Rhf1 Bd7 22. Bxe5 Qxe5 23. Qf4 Rd8 24. Bd3 f6 25. Bb5 Bc8 26. Bd3 Nc7 27. Qe3
Rd7 28. g3 Re7 29. Qd2 Bd7 30. Ne2 a4 31. Qc3 Qxc3 32. Nxc3 Kg7 33. Rc1 Na8 34.
b3 axb3 35. axb3 Nb6 36. Kc2 Ref7 37. Rce1 Bh3 38. Rf2 Rc8 39. Kd2 Ra8 40. Rc1
Bd7 41. Rff1 Ra3 42. Ra1 Rxb3 43. Rfb1 Rxb1 44. Rxb1 Na4 45. Rxb7 Nxc3 46. Kxc3
Bh3 47. Rb6 Rd7 48. Kd4 h5 49. Bb5 Rd8 1/2-1/2

[Event "Druga liga Srbije grupa Vojvodina 2012"]
[Site "Kac"]
[Date "2012.10.15"]
[Round "3.3"]
[White "Varga, Zoltan"]
[Black "Stupavski, Zdenko"]
[Result "1-0"]
[WhiteElo "2455"]
[BlackElo "2407"]
[PlyCount "69"]
[EventDate "2012.10.14"]

1. d4 d5 2. c4 Nc6 3. Nf3 Bg4 4. Nbd2 dxc4 5. e3 Nf6 6. Bxc4 e6 7. Qa4 Bxf3 8.
Nxf3 Bb4+ 9. Ke2 O-O 10. Ne5 Nxe5 11. dxe5 Nd5 12. Bxd5 Qxd5 13. Qxb4 c5 14. e4
Qxe5 15. Qc4 Rad8 16. f4 Qh5+ 17. Kf2 Rd4 18. Qe2 Qxe2+ 19. Kxe2 Rxe4+ 20. Be3
b6 21. Rhd1 f5 22. b3 g5 23. Kf3 gxf4 24. Bxf4 e5 25. Bh6 Rf6 26. Rd8+ Kf7 27.
Be3 Rb4 28. g3 Re6 29. Rad1 a5 30. R1d7+ Re7 31. Rd6 Re6 32. R8d7+ Re7 33.
Rxe7+ Kxe7 34. Rh6 Kd7 35. h4 1-0

[Event "Druga liga Srbije grupa Vojvodina 2012"]
[Site "Kac"]
[Date "2012.10.15"]
[Round "3.3"]
[White "Elez, Nikola"]
[Black "Cabarkapa, Novak"]
[Result "0-1"]
[WhiteElo "2207"]
[BlackElo "2244"]
[PlyCount "68"]
[EventDate "2012.10.14"]

1. e4 e6 2. Qe2 c5 3. g3 Nc6 4. Nf3 g6 5. Bg2 Bg7 6. O-O Nge7 7. d3 O-O 8. c3
d6 9. Na3 Rb8 10. Rd1 b5 11. Nc2 b4 12. cxb4 Nxb4 13. Nxb4 Rxb4 14. a3 Rb8 15.
d4 cxd4 16. Nxd4 Qb6 17. Qd2 d5 18. exd5 exd5 19. b4 Bg4 20. f3 Bd7 21. Bb2 Ba4
22. Rdc1 Nf5 23. Rc5 Qxc5 24. bxc5 Rxb2 25. Qa5 Bxd4+ 26. Kh1 Bc6 27. Re1 Re8
28. Bh3 Rxe1+ 29. Qxe1 Ne3 30. Bf1 Ra2 31. Bd3 Bb5 32. Bb1 Be2 33. Bxa2 Bxf3+
34. Kg1 Ng4+ 0-1

[Event "Druga liga Srbije grupa Vojvodina 2012"]
[Site "Kac"]
[Date "2012.10.15"]
[Round "3.3"]
[White "Vidic, Stevan"]
[Black "Marjanovic, Dejan"]
[Result "1-0"]
[WhiteElo "2288"]
[BlackElo "2219"]
[PlyCount "83"]
[EventDate "2012.10.14"]

1. d4 g6 2. c4 Nf6 3. Nc3 Bg7 4. e4 O-O 5. Nf3 d6 6. Be2 Bg4 7. O-O Nfd7 8. h3
Bxf3 9. Bxf3 Nc6 10. Be3 e5 11. dxe5 dxe5 12. Ne2 Qe7 13. Qb3 b6 14. Rfd1 Rfd8
15. Qa4 Nd4 16. Nxd4 exd4 17. Bxd4 Bxd4 18. Rxd4 Ne5 19. Rad1 Rxd4 20. Rxd4 Rd8
21. Rxd8+ Qxd8 22. Be2 Qd4 23. Qc2 Kf8 24. Bf1 Ke7 25. b4 a5 26. bxa5 bxa5 27.
Qc1 Nc6 28. Qg5+ Kd6 29. Qf4+ Ne5 30. Qf6+ Kc5 31. Qa6 Nc6 32. Qc8 Qd8 33. Qg4
Ne5 34. Qf4 Qd4 35. Qg5 Kb4 36. Qe7+ Qd6 37. Qe8 c6 38. Qa8 Qc7 39. Qa6 g5 40.
Be2 a4 41. Bd1 Qa5 42. a3+ 1-0

[Event "Druga liga Srbije grupa Vojvodina 2012"]
[Site "Kac"]
[Date "2012.10.15"]
[Round "3.3"]
[White "Pezelj, Sinisa"]
[Black "Marjanusic, Vladimir"]
[Result "1/2-1/2"]
[WhiteElo "2170"]
[BlackElo "2266"]
[PlyCount "102"]
[EventDate "2012.10.14"]

1. Nf3 d5 2. c4 c6 3. e3 Nf6 4. b3 Bg4 5. Be2 Bxf3 6. Bxf3 e5 7. d3 Bb4+ 8. Bd2
Bxd2+ 9. Nxd2 O-O 10. O-O a5 11. Rb1 Qe7 12. Qc2 Na6 13. d4 Rfe8 14. Qc3 exd4
15. exd4 Qb4 16. Qb2 Rad8 17. a3 Qd6 18. c5 Qf4 19. g3 Qh6 20. Rfe1 Nc7 21. Nf1
Qg6 22. Qd2 Ne6 23. Rbd1 Qf5 24. Bg2 Ne4 25. Bxe4 dxe4 26. Qe3 Ng5 27. Nd2 h6
28. h4 Nf3+ 29. Nxf3 exf3 30. Qxe8+ Rxe8 31. Rxe8+ Kh7 32. Re3 g5 33. Rdd3 g4
34. b4 axb4 35. axb4 Kg6 36. b5 Qd5 37. b6 f5 38. Re5 Qa2 39. Rd1 f4 40. Re4 h5
41. Rxf4 Qe2 42. Rb1 Kg7 43. Rf5 Kg6 44. Re5 Qd3 45. Rbe1 Qxd4 46. Rg5+ Kh6 47.
Re6+ Kh7 48. Rxh5+ Kg7 49. Re1 Kf6 50. Rh6+ Kf5 51. Rhe6 Qxf2+ 1/2-1/2

[Event "Druga liga Srbije grupa Vojvodina 2012"]
[Site "Kac"]
[Date "2012.10.15"]
[Round "3.3"]
[White "Milurovic, Uros"]
[Black "Subotic, Srbislav"]
[Result "0-1"]
[WhiteElo "2095"]
[BlackElo "2180"]
[PlyCount "84"]
[EventDate "2012.10.14"]

1. d4 Nf6 2. Bg5 Ne4 3. h4 h6 4. Bf4 d5 5. Nd2 Bf5 6. e3 Nxd2 7. Qxd2 e6 8. Bd3
Bxd3 9. Qxd3 c6 10. Nf3 Nd7 11. c3 Be7 12. Bg3 Bf6 13. e4 dxe4 14. Qxe4 Qa5 15.
O-O O-O 16. Ne5 Rad8 17. Nxd7 Rxd7 18. a3 Rfd8 19. Rfe1 Rd5 20. Re2 R8d7 21.
Be5 Bxe5 22. dxe5 Rd1+ 23. Rxd1 Rxd1+ 24. Kh2 Qd8 25. g3 Qd5 26. Qxd5 cxd5 27.
Kg2 Kf8 28. f4 Ke7 29. Kf3 h5 30. Ke3 Kd7 31. Rd2 Re1+ 32. Re2 Rg1 33. Kf2 Rd1
34. Ke3 Kc6 35. Rd2 Rc1 36. Rd3 b5 37. Rd2 Kc5 38. Rd4 Rg1 39. Kf2 Rc1 40. Rd2
a5 41. Ke3 Kc4 42. Rg2 g6 0-1

[Event "Druga liga Srbije grupa Vojvodina 2012"]
[Site "Kac"]
[Date "2012.10.15"]
[Round "3.3"]
[White "Gavric, Zivojin"]
[Black "Kaszas, Viktor"]
[Result "1-0"]
[WhiteElo "2128"]
[BlackElo "2027"]
[PlyCount "141"]
[EventDate "2012.10.14"]

1. e4 c5 2. Nc3 e6 3. g3 Nc6 4. Bg2 Rb8 5. f4 b5 6. Nf3 b4 7. Ne2 d5 8. exd5
exd5 9. O-O Nf6 10. Re1 Be7 11. h3 O-O 12. Kh2 d4 13. d3 Nd5 14. Neg1 Bb7 15.
Ne5 Nxe5 16. Rxe5 Bf6 17. Re1 Re8 18. a3 a5 19. axb4 axb4 20. Rxe8+ Qxe8 21.
Ra7 Bc6 22. b3 Ra8 23. Rxa8 Qxa8 24. Bd2 h6 25. Be4 Ne7 26. Qe2 Nc8 27. Qf3 Na7
28. g4 Bxe4 29. dxe4 Nb5 30. Qd3 Na3 31. Nf3 Nb1 32. e5 Be7 33. f5 Qa2 34. f6
Bf8 35. fxg7 Bxg7 36. e6 fxe6 37. Qg6 Nxd2 38. Qxe6+ Kf8 39. Qc8+ Kf7 40. Qf5+
Kg8 41. Nxd2 Qa6 42. Nc4 Qc6 43. h4 Qc7+ 44. Kg2 Qe7 45. Qc8+ Kh7 46. Qf5+ Kh8
47. g5 Qe2+ 48. Kg3 Qe1+ 49. Qf2 Qc3+ 50. Kg4 d3 51. Qf7 Qd4+ 52. Kh5 hxg5 53.
hxg5 Qe4 54. cxd3 Qh1+ 55. Kg4 Qg2+ 56. Kf5 Qh3+ 57. Ke4 Qg2+ 58. Kf5 Qh3+ 59.
Ke4 Qg2+ 60. Qf3 Qxg5 61. Qh3+ Kg8 62. Qc8+ Bf8 63. Qe6+ Kg7 64. Qe5+ Qf6 65.
Qxf6+ Kxf6 66. Kd5 Kf5 67. Nb6 Kf4 68. Nd7 Be7 69. Nxc5 Ke3 70. Kc4 Bd6 71. Na6
1-0

[Event "Druga liga Srbije grupa Vojvodina 2012"]
[Site "Kac"]
[Date "2012.10.15"]
[Round "3.4"]
[White "Roganovic, Milos"]
[Black "Leskur, Dejan"]
[Result "1/2-1/2"]
[WhiteElo "2518"]
[BlackElo "2376"]
[PlyCount "95"]
[EventDate "2012.10.14"]

1. e4 g6 2. d4 Bg7 3. Nc3 d6 4. Be3 a6 5. Qd2 b5 6. h4 h5 7. f3 Nd7 8. a4 b4 9.
Nce2 a5 10. Nh3 Ba6 11. Ng5 c5 12. dxc5 dxc5 13. O-O-O Ngf6 14. f4 e6 15. f5
gxf5 16. exf5 e5 17. Ng3 Bxf1 18. Rhxf1 Qc7 19. N5e4 Qc6 20. Bg5 Nxe4 21. Nxe4
f6 22. Be3 O-O 23. Ng3 Nb6 24. Nxh5 Qxa4 25. Kb1 Rfd8 26. Qe2 b3 27. cxb3 Qe4+
28. Ka1 Rxd1+ 29. Qxd1 Qxe3 30. Rf3 Qd4 31. Rd3 Qxh4 32. Rg3 a4 33. Rxg7+ Kh8
34. Rg4 axb3+ 35. Kb1 Qf2 36. Nxf6 Qxf5+ 37. Ne4 Rf8 38. Rh4+ Kg7 39. Rg4+ Kh8
40. Qh1+ Qh7 41. Qe1 Rf4 42. Rxf4 exf4 43. Qc3+ Kg8 44. Qxb3+ c4 45. Qc2 Qf5
46. Nd2 Qe6 47. Nf3 Kg7 48. Qc3+ 1/2-1/2

[Event "Druga liga Srbije grupa Vojvodina 2012"]
[Site "Kac"]
[Date "2012.10.15"]
[Round "3.4"]
[White "Dvornic, Mladen"]
[Black "Sipos, Istvan"]
[Result "0-1"]
[WhiteElo "2323"]
[BlackElo "2459"]
[PlyCount "52"]
[EventDate "2012.10.14"]

1. d4 Nf6 2. c4 e6 3. Nf3 Bb4+ 4. Bd2 c5 5. Bxb4 cxb4 6. e3 d6 7. Nbd2 O-O 8.
Bd3 Nc6 9. Qc2 e5 10. O-O Bg4 11. dxe5 dxe5 12. Ng5 h6 13. Nge4 Nxe4 14. Bxe4
Rc8 15. Nf3 Qe7 16. b3 b5 17. c5 f5 18. Bd5+ Kh8 19. Rac1 Rf6 20. Qb2 e4 21.
Bxc6 exf3 22. Bxf3 Bxf3 23. gxf3 Rxc5 24. Qd4 Rg6+ 25. Kh1 Rxc1 26. Rxc1 Qg5
0-1

[Event "Druga liga Srbije grupa Vojvodina 2012"]
[Site "Kac"]
[Date "2012.10.15"]
[Round "3.4"]
[White "Bulajic, Ratko"]
[Black "Desnica, Vladan"]
[Result "0-1"]
[WhiteElo "2331"]
[BlackElo "2236"]
[PlyCount "68"]
[EventDate "2012.10.14"]

1. d4 Nf6 2. c4 e6 3. Nf3 d5 4. Nc3 Be7 5. g3 O-O 6. Bg2 dxc4 7. Qa4 a6 8. Qxc4
b5 9. Qb3 Bb7 10. O-O c5 11. Rd1 c4 12. Qc2 Nc6 13. a3 Na5 14. e4 Nb3 15. Rb1
Nxc1 16. Rbxc1 Qb6 17. d5 exd5 18. e5 Ng4 19. h3 d4 20. hxg4 dxc3 21. Qxc3 Bc5
22. Qc2 g6 23. Ng5 Bxg2 24. Kxg2 f6 25. exf6 Qxf6 26. f4 Rfe8 27. Kh2 Be3 28.
Rd7 Bxf4 29. Nxh7 Qh4+ 30. Kg1 Qxg3+ 31. Qg2 Qe3+ 32. Qf2 Qxc1+ 33. Kg2 Re6 34.
Qd4 Re2+ 0-1

[Event "Druga liga Srbije grupa Vojvodina 2012"]
[Site "Kac"]
[Date "2012.10.15"]
[Round "3.4"]
[White "Andrejevic, Milorad"]
[Black "Strangar, Zlatko"]
[Result "0-1"]
[WhiteElo "2255"]
[BlackElo "2221"]
[PlyCount "42"]
[EventDate "2012.10.14"]

1. e4 e6 2. d4 d5 3. Nc3 Nf6 4. e5 Nfd7 5. f4 c5 6. Nf3 Nc6 7. Be3 Be7 8. Qd2
O-O 9. O-O-O c4 10. Qf2 Rb8 11. f5 Kh8 12. Qg3 b5 13. Bg5 b4 14. Nb1 exf5 15.
Bf4 Qa5 16. Bxc4 dxc4 17. d5 Nc5 18. dxc6 Qxa2 19. e6 c3 20. bxc3 bxc3 21. Nxc3
Nb3+ 0-1

[Event "Druga liga Srbije grupa Vojvodina 2012"]
[Site "Kac"]
[Date "2012.10.15"]
[Round "3.4"]
[White "Ivanovic, Miroslav"]
[Black "Medar, Zeljko"]
[Result "0-1"]
[WhiteElo "2104"]
[BlackElo "2229"]
[PlyCount "40"]
[EventDate "2012.10.14"]

1. c4 Nf6 2. Nc3 c6 3. g3 d6 4. Bg2 e5 5. Nf3 h6 6. Rb1 Bf5 7. d3 Nbd7 8. b4 d5
9. Nd2 Be6 10. O-O Be7 11. b5 O-O 12. bxc6 bxc6 13. f4 exf4 14. gxf4 Bc5+ 15.
Kh1 Ng4 16. e4 Nxh2 17. Qh5 Nxf1 18. Nxf1 Nf6 19. Qh4 Nxe4 20. Qxd8 Nf2+ 0-1

[Event "Druga liga Srbije grupa Vojvodina 2012"]
[Site "Kac"]
[Date "2012.10.15"]
[Round "3.4"]
[White "Popovic, Milan S"]
[Black "Roganovic, Nebojsa"]
[Result "1/2-1/2"]
[WhiteElo "2087"]
[BlackElo "2204"]
[PlyCount "135"]
[EventDate "2012.10.14"]

1. e4 d5 2. exd5 Nf6 3. Bb5+ Bd7 4. Be2 Bf5 5. d4 Nxd5 6. Nf3 e6 7. O-O Be7 8.
a3 O-O 9. c4 Nb6 10. Nc3 Nc6 11. Be3 Bf6 12. h3 h6 13. b4 Qd7 14. Ra2 Rfd8 15.
Rd2 Bg6 16. Qb3 Qe8 17. Rfd1 Rd7 18. Bd3 Bxd3 19. Rxd3 e5 20. d5 e4 21. Nxe4
Qxe4 22. Bxb6 axb6 23. dxc6 Rxd3 24. Qxd3 Qxc6 25. Qb3 Re8 26. Qc2 Re4 27. Rc1
Qe6 28. c5 Re2 29. Qd3 bxc5 30. Rxc5 c6 31. Rc1 g6 32. b5 cxb5 33. Qxb5 Rb2 34.
Qc4 Qb6 35. Qc5 Qxc5 36. Rxc5 Be7 37. Rc3 Rb1+ 38. Kh2 Bd6+ 39. g3 Ra1 40. Nd4
Rxa3 41. Rc8+ Kg7 42. Nb5 Ra6 43. Nxd6 Rxd6 44. Kg2 Rd7 45. Rc3 Kf6 46. Re3 b5
47. Kf3 Rb7 48. Kf4 g5+ 49. Kf3 b4 50. Rb3 Ke5 51. Ke3 Kd5 52. Kd3 Kc5 53. Kc2
Re7 54. Rf3 Kc4 55. Rf6 b3+ 56. Kb2 Re2+ 57. Kb1 Kc3 58. Rc6+ Kd2 59. Rf6 Kc3
60. Rc6+ Kd3 61. Rf6 Kc3 62. Rc6+ Kd2 63. Rf6 Ke1 64. f4 Re3 65. Rxh6 Kf2 66.
fxg5 Kxg3 67. h4 Kg4 68. g6 1/2-1/2

[Event "Druga liga Srbije grupa Vojvodina 2012"]
[Site "Kac"]
[Date "2012.10.15"]
[Round "3.5"]
[White "Onjin, Branko"]
[Black "Galyas, Miklos"]
[Result "0-1"]
[WhiteElo "2005"]
[BlackElo "2423"]
[PlyCount "108"]
[EventDate "2012.10.14"]

1. c4 g6 2. Nf3 Bg7 3. g3 f5 4. d4 Nf6 5. Bg2 O-O 6. O-O d6 7. Nc3 e6 8. b3 Nc6
9. Bb2 Ne4 10. Rc1 Qe7 11. e3 Nxc3 12. Bxc3 e5 13. d5 Nd8 14. b4 Nf7 15. Qb3
Bd7 16. a4 c6 17. b5 c5 18. Qb2 g5 19. Nd2 g4 20. f4 gxf3 21. Nxf3 a6 22. Ra1
Bh6 23. Rfe1 axb5 24. axb5 Ng5 25. Nxg5 Bxg5 26. Bd2 h5 27. Rxa8 Rxa8 28. Ra1
Rf8 29. Ra7 Bc8 30. Ra8 h4 31. Qc1 hxg3 32. hxg3 Qg7 33. Qe1 Bf6 34. Bh3 e4 35.
Qf2 Be5 36. Kg2 Qf6 37. Be1 Kg7 38. Rxc8 Rxc8 39. Qxf5 Qxf5 40. Bxf5 Ra8 41.
Bxe4 Ra4 42. Bd3 Ra3 43. Bf1 Rxe3 44. Bf2 Rc3 45. Be2 Kf6 46. g4 Kg5 47. Be1
Ra3 48. Bd2+ Bf4 49. Be1 Kf6 50. Bh4+ Ke5 51. Kf2 Ke4 52. Bf6 Ra2 53. Bg7 Bg5
54. Bf8 Be3+ 0-1

[Event "Druga liga Srbije grupa Vojvodina 2012"]
[Site "Kac"]
[Date "2012.10.15"]
[Round "3.5"]
[White "Somborski, Nebojsa"]
[Black "Ilic, Aleksandar"]
[Result "1-0"]
[WhiteElo "2342"]
[BlackElo "2110"]
[PlyCount "92"]
[EventDate "2012.10.14"]

1. e4 e5 2. Nf3 Nc6 3. Bb5 a6 4. Ba4 Nf6 5. O-O d6 6. Bxc6+ bxc6 7. d4 exd4 8.
Nxd4 Bd7 9. Nc3 Be7 10. Qf3 O-O 11. e5 dxe5 12. Nxc6 Bxc6 13. Qxc6 Qd6 14. Qf3
Qb4 15. a3 Qh4 16. Re1 Bd6 17. Qg3 Qxg3 18. hxg3 h6 19. b3 Rfe8 20. Bb2 Re6 21.
Na4 Nd7 22. Rad1 f5 23. b4 Rae8 24. c4 Nf6 25. c5 Bf8 26. Ba1 g5 27. Nb2 c6 28.
Nc4 e4 29. Ne3 f4 30. gxf4 gxf4 31. Nf5 Nd5 32. Nd4 Re5 33. Nxc6 Rg5 34. Nd4
Re7 35. Kf1 h5 36. Ne2 Rf7 37. Ng1 Re7 38. Re2 Bg7 39. Red2 Nc3 40. Rc1 Nd5 41.
Bxg7 Kxg7 42. c6 Nc7 43. Rd7 Rge5 44. Rc5 R5e6 45. Ne2 f3 46. Nf4 Rxd7 1-0

[Event "Druga liga Srbije grupa Vojvodina 2012"]
[Site "Kac"]
[Date "2012.10.15"]
[Round "3.5"]
[White "Pezelj, Novak"]
[Black "Vlahovic, Bogdan"]
[Result "1-0"]
[WhiteElo "2310"]
[BlackElo "2340"]
[PlyCount "49"]
[EventDate "2012.10.14"]

1. e4 Nf6 2. Nc3 d5 3. exd5 Nxd5 4. Bc4 Be6 5. Qf3 c6 6. Nge2 Nc7 7. Bxe6 Nxe6
8. O-O Nd7 9. d4 Nf6 10. Rd1 Nc7 11. Bg5 e6 12. Ne4 Be7 13. Bxf6 gxf6 14. c4
Kf8 15. N4c3 Ne8 16. d5 cxd5 17. cxd5 Qb6 18. dxe6 fxe6 19. Rd7 Rb8 20. Nf4 Ng7
21. Rxe7 Qxb2 22. Ng6+ Kg8 23. Rb1 Qc2 24. Nxh8 Nf5 25. Rexb7 1-0

[Event "Druga liga Srbije grupa Vojvodina 2012"]
[Site "Kac"]
[Date "2012.10.15"]
[Round "3.5"]
[White "Sekulic, Dusan"]
[Black "Blagojevic, Srdjan"]
[Result "1-0"]
[WhiteElo "2304"]
[BlackElo "2148"]
[PlyCount "81"]
[EventDate "2012.10.14"]

1. d4 Nf6 2. Nf3 b5 3. e3 a6 4. a4 b4 5. Nbd2 d5 6. c4 bxc3 7. bxc3 Nbd7 8. Bd3
e6 9. O-O Bd6 10. c4 c6 11. e4 dxe4 12. Nxe4 Nxe4 13. Bxe4 Qc7 14. c5 Be7 15.
a5 O-O 16. Qa4 Bb7 17. Rb1 Rfc8 18. Re1 e5 19. Bf5 Rcb8 20. Bxd7 Qxd7 21. Nxe5
Qf5 22. Rb3 Bf6 23. Nxc6 Qd5 24. Rxb7 Rxb7 25. Nb4 Qd8 26. Nd5 Rb5 27. Nb6 Ra7
28. Be3 Re7 29. Rc1 Qe8 30. Nd5 Rd7 31. Nxf6+ gxf6 32. h3 Qe4 33. Qa2 f5 34. g3
Rdb7 35. c6 Rc7 36. Qc2 Rxa5 37. Bf4 Qxc2 38. Rxc2 Rc8 39. c7 Rd5 40. Rc6 Rxd4
41. Rb6 1-0